00592naa a2200217 a 450000100080000000500110000800800410001902200140006010000180007424500850009226000090017765000120018665000090019865000190020765300100022665300150023665300120025170000200026370000210028377300700030417508211993-12-07 1993 bl uuuu u00u1 u #d a0102-05361 aDAROLT, M. R. aCinza vegetal como fonte de nutrientes e corretivo de solo na cultura de alface. c1993 alettuce asoil aLactuca Sativa aAshes aCorrection aVegetal1 aBIANCO NETO, V.1 aZAMBON, F. R. A. tHorticultura Brasileira, Brasiliagv.11, n.1, p.38-40, maio 1993.